000 00764nam a2200205Ii 4500
003 JO-AjNU
008 230605s9999||||xx |||||||||||||| ||und||
017 _a1971/4851
040 _aJO-AjNU
_bara
_erda
_cJO-AjNU
041 _aara
050 1 4 _aD16.8.W3 1972
100 3 _aتاليف ويدجرى، البان.ج.؛ ترجمة جاويد، عبد العزيز توفيق ,
_eauthor
_935130
245 0 0 _aالتاريخ وكيف يفسرونه من كنفوشيوس الى توينبي
264 3 1 _aالقاهرة: الهيئة المصرية العامة للكتاب، 1972
300 _a238ص
336 _atext
_btxt
_2rdacontent
337 _aunmediated
_bn
_2rdamedia
338 _avolume
_bnc
_2rdacarrier
650 4 _aتاريخ -- فلسفة.
_935131
999 _aA14472
_c18040
_d18040